• 首页
  • 本馆介绍
  • 公告通知
  • 最新文献
  • 馆藏检索
  • 电子资源
  • 读者导购
  • 参考咨询
  • 我的图书馆
  • 登录
  • 详细信息显示
  • 放入我的书架
  • 预约/预借图书
  • 作者相关作品
  • 分类相关作品
  • 丛书相关作品
  • 出版社相关作品

书目信息

  • 表格格式
  • 工作单格式
  • 卡片格式
题名:
仕女
    
 
作者: 佘惠敏 著
分册:  
出版信息: 济南   山东画报出版社  2004
页数: 171页
开本: 23cm
丛书名: 雅俗中国丛书
单 册:
中图分类: D44
科图分类:
主题词: 妇女--社会生活--中国--古代 , 妇女 , 社会生活 , 妇女运动 , 妇女组织
电子资源:
ISBN: 7-80603-806-X
000 00859oam2 2200301 450
001 1240868198
005 20121005113057.84
010    @a7-80603-806-X@dCNY29.00
100    @a20040630d2004 em y0chiy50 ea
101 0  @achi
102    @aCN@b370000
105    @aa z 000yd
200 1  @a仕女@Ashi nv@f佘惠敏著
210    @a济南@c山东画报出版社@d2004
215    @a171页@c图@d23cm
225 2  @a雅俗中国丛书
300    @a大雅文化
330    @a本书分为两部分。前半部分通过历代史料中泄露的点点滴滴,去还原仕女生活的本来面目;后半部分展示了历史上几位著名仕女的生平。
461  0 @12001 @a雅俗中国丛书
606 0  @a妇女@x社会生活@y中国@z古代
606 0  @a妇女
606 0  @a社会生活
606 0  @a妇女运动
606 0  @a妇女组织
690    @aD44@v4
701  0 @a佘惠敏@Ashe hui min@4著
801  0 @aCN@bNLC@c20101222
905    @a10447@dD44@eJY68
    
    仕女/佘惠敏著.-济南:山东画报出版社,2004
    171页:图;23cm.-(雅俗中国丛书)
    大雅文化
    
    ISBN 7-80603-806-X:CNY29.00
    本书分为两部分。前半部分通过历代史料中泄露的点点滴滴,去还原仕女生活的本来面目;后半部分展示了历史上几位著名仕女的生平。
●
相关链接 在E读中查询图书 在五车中查询图书 在当当中查询图书 在豆瓣中查询图书


正题名:仕女     索取号:D44/JY68         预约/预借

序号 登录号 条形码 馆藏地/架位号 状态 备注
1 7811748   278117486   学院路分馆/ [索取号:D44/JY68] 在馆    
2 7811749   278117495   学院路分馆/ [索取号:D44/JY68] 在馆    
唐山师范学院图书馆 欢迎您!
大连网信软件有限公司© 版权所有